| 000 | 00909aam a2200229 a 4500 | ||
|---|---|---|---|
| 001 | 000018459 | ||
| 005 | 20200929165818.0 | ||
| 008 | 790507s1978 ec f000 j spa d | ||
| 020 | _cS/50.00 | ||
| 035 | _a(DLC) 78110475 | ||
| 040 |
_aDO-SdBNP _cDLC _dDLC _dBNPHU |
||
| 082 |
_aE863.44 _bC318m |
||
| 100 | 1 |
_aCarrión, Alejandro, _d1915-1992. _939947 |
|
| 245 | 1 | 0 |
_aMala procesión de hormigas : _bcuentos / _cAlejandro Carrión. |
| 260 |
_aQuito : _bCasa de la Cultura Ecuatoriana, _c1978. |
||
| 300 |
_a243 p. ; _c18 cm. |
||
| 505 | 0 | _aMala procesión de hormigas -- La noche inverosímil -- El gallo Orpington -- Un día de a perro -- La noche de Dios -- Flor de guagras -- La dentadura de Míster Jackson -- El brazo roto del Señor Doctor | |
| 650 | 4 |
_aCuentos ecuatorianos _917829 |
|
| 650 | 4 |
_aLiteratura ecuatoriana _ySIGLO XX _914420 |
|
| 910 | _aCatalogación por derivada / LC | ||
| 049 | _aBNGR | ||
| 999 |
_c17979 _d17979 |
||